UMass Campuses - University of Massachusetts - Statistics

General Stats
  • This quiz has been taken 116 times
  • The average score is 5 of 6
Answer Stats
Hint Town/City % Correct
Main Campus Amherst
100%
Eastern Boston
99%
Northern Lowell
97%
Southern (and Law School) Dartmouth
82%
Medical Worcester
65%
Everywhere online
35%
No matching quizzes found
Score Distribution
Percent of People with Each Score
Percentile by Number Answered
Your Score History
You have not taken this quiz